[Event "Ljubljana op"]
[Site "Ljubljana"]
[Date "1996.??.??"]
[Round "3"]
[White "Ibragimov, Ildar"]
[Black "Jeric, Simon"]
[Result "1-0"]
[WhiteElo "2575"]
[BlackElo "2385"]

1.c4 c5 2.Nf3 Nf6 3.Nc3 Nc6 4.e3 e6 5.d4 d5 6.a3 a5 7.cxd5 exd5 8.Bb5 cxd4
9.exd4 Be6 10.O-O Be7 11.Ne5 Rc8 12.Bf4 Qb6 13.Qd3 O-O 14.Na4 Qa7 15.Bxc6 bxc6
16.Rac1 Bd7 17.Rfe1 Rfe8 18.f3 c5 19.Nxd7 Nxd7 20.Qb5 Kf8 21.dxc5 Nxc5 22.Be3 Qd7
23.Rxc5 Qxb5 24.Rxb5 Bg5 25.Bc5+  1-0

[Event "Ljubljana op"]
[Site "Ljubljana"]
[Date "1996.??.??"]
[Round "4"]
[White "Vukanovic, Sasa"]
[Black "Ibragimov, Ildar"]
[Result "1/2-1/2"]
[WhiteElo "2360"]
[BlackElo "2575"]

1.Nf3 d6 2.d4 Nf6 3.c4 Nbd7 4.Nc3 e5 5.e4 Be7 6.Be2 O-O 7.O-O c6 8.Qc2 a6
9.Rd1 Qc7 10.Bg5 Re8 11.Rac1 h6 12.Bh4 Nh7 13.Bxe7 Rxe7 14.b4 b6 15.c5  1/2-1/2

[Event "Ljubljana op"]
[Site "Ljubljana"]
[Date "1996.??.??"]
[Round "9"]
[White "Sveshnikov, Evgeny"]
[Black "Ibragimov, Ildar"]
[Result "1-0"]
[WhiteElo "2565"]
[BlackElo "2575"]

1.e4 d6 2.d4 Nf6 3.Nc3 g6 4.Be3 Bg7 5.Qd2 Ng4 6.Bg5 h6 7.Bh4 c6 8.f4 Nf6
9.O-O-O O-O 10.e5 Nd5 11.Ne4 dxe5 12.fxe5 Bf5 13.Bd3 a5 14.Ne2 Nb4 15.Rhf1 Qd5
16.Rxf5 gxf5 17.N4c3 Qd7 18.Qf4 f6 19.exf6 Bxf6 20.Qxh6 Bg7 21.Qg5 Qd6 22.Nf4 Nxd3+
23.Rxd3 Qh6 24.Qg3 Nd7 25.Re3 Rf7 26.d5 Nf6 27.Bg5 Qh7 28.Bxf6 exf6 29.d6 Rd8
30.Ne6 f4 31.Nxf4 Qf5 32.Ne6 Rdd7 33.b3 Kh8 34.Nxg7 Rxg7 35.Qh4+ Kg8 36.Ne4 Rxg2
37.Qxf6 Qd5 38.Qf1 Rg6 39.Nf6+ Rxf6 40.Qxf6  1-0

[Event "Moscow-ch"]
[Site "Moscow"]
[Date "1996.??.??"]
[Round "1"]
[White "Lundin, Alexandr"]
[Black "Ibragimov, Ildar"]
[Result "1-0"]
[WhiteElo "2315"]
[BlackElo "2545"]

1.d4 Nf6 2.c4 e6 3.Nc3 Bb4 4.e3 b6 5.Ne2 Ba6 6.a3 Bxc3+ 7.Nxc3 d5 8.b3 c5
9.Be2 O-O 10.O-O Nbd7 11.Nb5 cxd4 12.exd4 dxc4 13.bxc4 Bxb5 14.cxb5 Nd5 15.Bd3 Rc8
16.Bd2 Qh4 17.g3 Qxd4 18.Bb4 g6 19.Bxf8 Nc3 20.Qf3 Kxf8 21.Rfe1 Nc5 22.Bc2 Nxb5
23.Rad1 Qb2 24.Bb1 Kg7 25.Re3 Nd4 26.Qg4 Rd8 27.Kg2 Rd5 28.Rde1 a5 29.Qf4 Nf5
30.Bxf5 Rxf5 31.R1e2 Qf6 32.Qc4 h5 33.h4 Rd5 34.Qc3 Qxc3 35.Rxc3 Kf6 36.Rce3 Ke7
37.Rb2 Rd6 38.Kf3 f6 39.Ke2 e5 40.f3 Ne6 41.Rc3 Kd7 42.Rb1 f5 43.Rd3 Nd4+
44.Kf2 Ke6 45.Rbd1 a4 46.f4 Nb5 47.Rxd6+ Nxd6 48.fxe5 Kxe5 49.Kf3 Nc4 50.Re1+ Kd4
51.Kf4 b5 52.Kg5 Nxa3 53.Kxg6 Nc2 54.Rd1+ Ke5 55.Kxh5 Kf6 56.Rd6+ Kf7 57.Rd2 Nb4
58.Rd7+  1-0

[Event "Moscow-ch"]
[Site "Moscow"]
[Date "1996.??.??"]
[Round "3"]
[White "Mozaliov, SV."]
[Black "Ibragimov, Ildar"]
[Result "0-1"]
[WhiteElo "2300"]
[BlackElo "2545"]

1.e4 e5 2.Nf3 Nc6 3.d4 exd4 4.Nxd4 Bc5 5.Be3 Qf6 6.c3 Qg6 7.Qe2 Nxd4 8.Bxd4 Bxd4
9.cxd4 Ne7 10.Nc3 O-O 11.O-O-O d5 12.exd5 Re8 13.Qe3 Bf5 14.Qg3 Qh6+ 15.Qe3 Qd6
16.Qe5 Qxe5 17.dxe5 Ng6 18.Bd3 Rxe5 19.Bxf5 Rxf5 20.f3 Rd8 21.Rhe1 h5 22.Rd2 h4
23.Re3 f6 24.Rd4 h3 25.g3 Ne5 26.f4 Ng4 27.Re2 Kf7 28.Kc2 Rd7 29.Kd3 g6 30.Kc4 Rh5
31.Rde4 Rh8 32.Nd1 f5 33.Re6 Rhd8 34.Nc3 Nf6 35.R6e5 a6 36.Re1 Re8 37.Rxe8 Nxe8
38.Re2 Nf6 39.a4 Ng4 40.Kc5 Re7 41.d6 Rd7 42.dxc7 Rxc7+ 43.Kb6 Rd7 44.a5 Nf6
45.b4 Kg7 46.Rb2 Kh6 47.Na4 Nd5+ 48.Kc5 Ne3 49.Nb6 Rd1 50.Re2 Rc1+ 51.Kd4 Ng4
52.Nd5 Rh1 53.Kc5 Rxh2 54.Rxh2 Nxh2 55.Ne3 Nf3 56.Nf1 Kh5 57.Kb6 Kg4 58.Kxb7 Nd2
59.Nh2+ Kxg3 60.b5 Kxh2  0-1

[Event "Moscow-ch"]
[Site "Moscow"]
[Date "1996.??.??"]
[Round "4"]
[White "Ibragimov, Ildar"]
[Black "Rychagov, Andrei"]
[Result "0-1"]
[WhiteElo "2545"]
[BlackElo "2375"]

1.d4 d5 2.c4 e6 3.Nf3 c5 4.cxd5 exd5 5.g3 Nc6 6.Bg2 c4 7.O-O Bb4 8.b3 cxb3
9.Qxb3 Nge7 10.Ne5 Qb6 11.e3 Nxe5 12.dxe5 Be6 13.Bd2 a5 14.Bc3 O-O 15.Bd4 a4
16.Qb2 Qa5 17.a3 Bc5 18.Bxc5 Qxc5 19.Rc1 Qa5 20.Nc3 Nc6 21.Qxb7 Rfc8 22.Qb5 Qxb5
23.Nxb5 Nxe5 24.Nc7 Rab8 25.Nxd5 Rxc1+ 26.Rxc1 Rb3 27.f4 Nd3 28.Rc3 Rb1+
29.Bf1 Bh3  0-1

[Event "Moscow-ch"]
[Site "Moscow"]
[Date "1996.??.??"]
[Round "5"]
[White "Pavlov, Nikita"]
[Black "Ibragimov, Ildar"]
[Result "0-1"]
[WhiteElo "2310"]
[BlackElo "2545"]

1.e4 e5 2.Nf3 Nc6 3.Bc4 Bc5 4.d3 Nf6 5.Bg5 h6 6.Be3 Bb6 7.O-O O-O 8.Nbd2 d6
9.c3 Ne7 10.d4 Ng6 11.Re1 Ng4 12.Nf1 Be6 13.Bxe6 fxe6 14.dxe5 N6xe5 15.Nxe5 Nxe5
16.Qe2 Qf6 17.Bxb6 axb6 18.Nd2 Rf7 19.Rf1 g5 20.Nc4 Ng6 21.Qe3 b5 22.Nd2 Ne5
23.Qe2 c6 24.a3 Qg6 25.c4 bxc4 26.Nxc4 Nxc4 27.Qxc4 Qf6 28.Rad1 d5 29.Qe2 Kg7
30.Rfe1 Rd8 31.exd5 exd5 32.Rd3 Rdf8 33.Rf3 Qd6 34.Rxf7+ Rxf7 35.Qd3 Qf6
36.Qd2 Re7 37.Rxe7+ Qxe7 38.h3 Kf7 39.Kf1 Qe4 40.f3 Qf4 41.Qd1 Qe3 42.Qc2 Kf6
43.Qh7 Qc1+ 44.Ke2 Qxb2+ 45.Kf1 Qa1+ 46.Kf2 Qd4+ 47.Kf1 Qc4+ 48.Kf2 Qc5+
49.Kf1 Qe7 50.Qxh6+ Kf5 51.Qh5 Kf4 52.Qg4+ Ke3 53.f4 Kd2 54.Qg3 Qe2+ 55.Kg1 gxf4
56.Qxf4+ Qe3+ 57.Qxe3+ Kxe3 58.Kf1 d4 59.h4 d3 60.Ke1 c5 61.h5 c4  0-1

[Event "Moscow-ch"]
[Site "Moscow"]
[Date "1996.??.??"]
[Round "6"]
[White "Ibragimov, Ildar"]
[Black "Kedrov, Valery V"]
[Result "1-0"]
[WhiteElo "2545"]
[BlackElo "2335"]

1.c4 c5 2.Nf3 Nc6 3.e3 Nf6 4.d4 cxd4 5.exd4 d5 6.Nc3 g6 7.cxd5 Nxd5 8.Bc4 Nb6
9.Bb3 Bg7 10.Be3 O-O 11.O-O Na5 12.Bc2 Nac4 13.Bg5 Nxb2 14.Qe2 Be6 15.Bb3 N2c4
16.Rac1 Rc8 17.Rfd1 Re8 18.Ne5 Bxe5 19.dxe5 Qc7 20.Re1 Qc5 21.Qe4 Rc7 22.Qh4 Qb4
23.Ne4 Nd5 24.Red1 Rec8 25.Rxd5 Bxd5 26.Bxe7 Qxe7 27.Nf6+ Qxf6 28.exf6 Nd6
29.Rxc7 Rxc7 30.Qh6 Nf5 31.Qf4  1-0

[Event "Moscow-ch"]
[Site "Moscow"]
[Date "1996.??.??"]
[Round "7"]
[White "Moizhess, Igor"]
[Black "Ibragimov, Ildar"]
[Result "0-1"]
[WhiteElo "2410"]
[BlackElo "2545"]

1.d4 d5 2.c4 dxc4 3.e3 Nf6 4.Bxc4 e6 5.Nf3 c5 6.O-O a6 7.Bb3 Nc6 8.Nc3 Be7
9.dxc5 Qxd1 10.Rxd1 Bxc5 11.Bd2 Bd7 12.Rac1 Ba7 13.Na4 Ne4 14.Be1 Ke7 15.Nd2 Nxd2
16.Bxd2 Rhd8 17.Nc5 Bxc5 18.Rxc5 Be8 19.Rg5 g6 20.h4 e5 21.Bc3 f6 22.Rxd8 Rxd8
23.Rg4 Bf7 24.Bxf7 Kxf7 25.Kf1 b5 26.Ke2 Ke6 27.Rg3 Rd5 28.a3 Rc5 29.Rh3 Rc4
30.Rh1 Ne7 31.g3 Nd5 32.Bd2 e4 33.Kd1 Kf5 34.Re1 Kg4 35.Re2 Kf3  0-1

[Event "Moscow-ch"]
[Site "Moscow"]
[Date "1996.??.??"]
[Round "9"]
[White "Gelman, Alexander"]
[Black "Ibragimov, Ildar"]
[Result "0-1"]
[WhiteElo "2400"]
[BlackElo "2545"]

1.e4 e5 2.Nf3 Nc6 3.c3 Nf6 4.d3 g6 5.g3 Bg7 6.Bg2 O-O 7.O-O a5 8.Nbd2 d6
9.Nc4 a4 10.Bd2 Nd7 11.Qc2 b5 12.Ne3 Nb6 13.b4 Bb7 14.Rac1 Re8 15.Rfd1 Qd7
16.Be1 Rac8 17.d4 exd4 18.cxd4 Nb8 19.d5 c6 20.Qd3 cxd5 21.exd5 Nc4 22.Nxc4 bxc4
23.Qa3 Qb5 24.Bc3 Bxc3 25.Qxc3 Nd7 26.Nd4 Qb6 27.Nc6 Ne5 28.Qd4 Qxd4 29.Rxd4 Ba6
30.h4 Nd3 31.Rc2 Kg7 32.Be4 f5 33.Bxd3 cxd3 34.Rc3 Re2 35.a3 Rce8 36.Rdxd3 Bxd3
37.Rxd3 Rb2 38.Nd4 Kf6 39.Rc3 Re5 40.Rc6 Rxd5  0-1

[Event "Portoroz"]
[Site "Portoroz"]
[Date "1996.??.??"]
[Round "?"]
[White "Ibragimov, Ildar"]
[Black "Caposciutti, Maurizio"]
[Result "1-0"]
[WhiteElo "2575"]
[BlackElo "2310"]

1.c4 Nf6 2.Nc3 c5 3.Nf3 Nc6 4.e3 e5 5.a3 d6 6.Be2 Be7 7.O-O O-O 8.Qc2 Bg4
9.h3 Bh5 10.b3 Rc8 11.Ng5 Bxe2 12.Nxe2 h6 13.Ne4 d5 14.Nxf6+ Bxf6 15.Nc3 Ne7
16.Bb2 Qd7 17.cxd5 Nxd5 18.Ne4 Qe6 19.f4 exf4 20.Nxf6+ Nxf6 21.Rxf4 Nd7 22.Raf1 f6
23.Re4 Rf7 24.Rf5 Ne5 25.Bxe5 fxe5 26.Rxf7 Qxf7 27.Rc4 Qd5 28.b4 b6 29.a4 Rd8
30.bxc5 bxc5 31.Rxc5 Qxd2 32.Qxd2 Rxd2 33.Rxe5 Ra2 34.a5 Kf7 35.Kf1 g5 36.Rc5 Kg6
37.Rc6+ Kf5 38.Rxh6 Rxa5 39.Kf2 Ke4 40.Re6+ Kf5 41.Rc6 g4 42.h4 Ra2+ 43.Kg3 Re2
44.Rc5+ Kf6 45.Ra5  1-0

[Event "Portoroz"]
[Site "Portoroz"]
[Date "1996.??.??"]
[Round "?"]
[White "Ibragimov, Ildar"]
[Black "Fercec, Nenad"]
[Result "1/2-1/2"]
[WhiteElo "2575"]
[BlackElo "2405"]

1.d4 Nf6 2.c4 g6 3.Nc3 Bg7 4.e4 d6 5.f3 O-O 6.Be3 Nc6 7.Nge2 a6 8.Qd2 Rb8
9.d5 Ne5 10.Nd4 c5 11.Nc2 e6 12.Be2 b5 13.cxb5 exd5 14.exd5 axb5 15.Nxb5 Bf5
16.Nca3 c4 17.O-O Bd3 18.Nc3 Nxd5 19.Nxd5 Rxb2 20.Qxb2 Nxf3+ 21.Rxf3 Bxb2
22.Bxd3 cxd3 23.Raf1 Bxa3 24.Nf6+ Kh8 25.Bh6 Bb2 26.Bxf8 Qxf8 27.Rxd3 Qe7
28.Nd5 Qa7+ 29.Kh1 Qxa2 30.Rd2 Qa5 31.Rxb2 Qxd5 32.h3 Kg7 33.Rbb1 h5 34.Rbd1 Qc6
35.Rc1 Qd7 36.Rcd1 Qc6 37.Rc1 Qd7 38.Rcd1 Qc6  1/2-1/2

[Event "Portoroz"]
[Site "Portoroz"]
[Date "1996.??.??"]
[Round "?"]
[White "Grosar, Aljosa"]
[Black "Ibragimov, Ildar"]
[Result "1/2-1/2"]
[WhiteElo "2470"]
[BlackElo "2575"]

1.e4 e5 2.Nf3 Nc6 3.Bc4 Bc5 4.b4 Bxb4 5.c3 Ba5 6.d4 exd4 7.O-O d3 8.Qb3 Qe7
9.Re1 Bb6 10.Ba3 Na5 11.Qa4 c5 12.Bxd3 Nh6 13.c4 O-O 14.Nc3 d6 15.Nd5 Qe8
16.Qc2 Nc6 17.e5 dxe5 18.Bb2 f6 19.Bxh7+ Kh8 20.Bg6 Qe6 21.Nh4 Nb4 22.Qb3 Nxd5
23.cxd5 Qd6 24.Rad1 c4 25.Qxc4 Qc5 26.Qxc5 Bxc5 27.h3 Kg8 28.Bc1 Nf7 29.Be3 Bxe3
30.Rxe3 Nd6 31.g4 b5 32.f4 Bd7 33.fxe5 Nc4 34.Rb3 Nxe5 35.Bf5 a6 36.Bxd7 Nxd7
37.Rc3 Rfc8 38.Rdc1 Rxc3 39.Rxc3 Nb6 40.Rc5 Rd8 41.Nf5 g6 42.Ne3 Kf7 43.Kf2 Ke7
44.h4 Kd7 45.Kf3 Rh8 46.Kg3 Re8 47.Kf4  1/2-1/2

[Event "Portoroz"]
[Site "Portoroz"]
[Date "1996.??.??"]
[Round "?"]
[White "Podlesnik, Bogdan"]
[Black "Ibragimov, Ildar"]
[Result "0-1"]
[WhiteElo "2410"]
[BlackElo "2575"]

1.e4 d6 2.d4 Nf6 3.Nc3 g6 4.f4 Bg7 5.Nf3 O-O 6.Be2 c5 7.O-O cxd4 8.Nxd4 Nbd7
9.Kh1 a6 10.a4 Re8 11.Bf3 Qc7 12.a5 e5 13.Nb3 exf4 14.Bxf4 Ne5 15.Be2 Be6
16.Nd4 Rac8 17.Nxe6 fxe6 18.Qe1 Nfd7 19.Qh4 Rf8 20.Qh3 Rce8 21.Qf3 Nc4 22.Bxc4 Qxc4
23.Qd3 Qxd3 24.cxd3 Nc5 25.Bxd6 Rxf1+ 26.Rxf1 Nxd3 27.Ba3 Rc8 28.h3 Bf8 29.Bxf8 Rxf8
30.Rb1 Rf2 31.Rd1 Nxb2 32.Rd8+ Kg7 33.Rd6 Rc2 34.Rd7+ Kf8 35.Rxb7 Rxc3 36.Rxb2 Ra3
37.Rb7 h5 38.Kh2 Rxa5 39.h4 Ra4 40.g4 Rxe4 41.g5  0-1

[Event "Portoroz"]
[Site "Portoroz"]
[Date "1996.??.??"]
[Round "?"]
[White "Ibragimov, Ildar"]
[Black "Fucak, Emilijo"]
[Result "0-1"]
[WhiteElo "2575"]
[BlackElo "2300"]

1.d4 Nf6 2.c4 e6 3.Nc3 Bb4 4.e3 c5 5.Bd3 O-O 6.Nf3 d5 7.O-O Nbd7 8.a3 Bxc3
9.bxc3 Qc7 10.cxd5 exd5 11.a4 Re8 12.Ba3 c4 13.Bc2 Ne4 14.Qe1 Nf8 15.Bxf8 Rxf8
16.Bxe4 dxe4 17.Nd2 Re8 18.Qb1 Bg4 19.Re1 Qc6 20.Qb5 Qg6 21.Kh1 a6 22.Qxb7 Rab8
23.Qc7 Rbc8 24.Qg3 Qh5 25.Rab1 Bd7 26.Rb4 Qd5 27.Reb1 h5 28.Rb6 Qa5 29.R6b4 Qd5
30.a5 Bb5 31.Re1 Rc6 32.f3 exf3 33.Qxf3 Qg5 34.Rbb1 Rce6 35.Nf1 Bc6 36.Qg3 Qf5
37.Rb8 Qxa5 38.e4 Rxb8 39.Qxb8+ Re8 40.Qg3 Rxe4 41.Rxe4 Bxe4 42.Kg1 Bd3 43.Qe1 Qb5
44.Nd2 a5 45.Qe7 a4 46.Nf3 f6 47.h4 Kh7 48.Kh2 Qb8+ 49.Kg1 Qa8 50.Qa3 Be4
51.Kf2 Qa5 52.Ke3 Bd3 53.Kd2 Qb5 54.Qb4 Qe8 55.Kc1 Qe2 56.Qxa4 Qxg2 57.Nd2 Qh1+
58.Kb2 Qe1  0-1

[Event "Portoroz"]
[Site "Portoroz"]
[Date "1996.??.??"]
[Round "?"]
[White "Saradjen, Janko"]
[Black "Ibragimov, Ildar"]
[Result "0-1"]
[WhiteElo "2165"]
[BlackElo "2575"]

1.e4 e5 2.Nf3 Nc6 3.d4 exd4 4.c3 dxc3 5.Nxc3 d6 6.Bc4 Nf6 7.Qb3 Qd7 8.Ng5 Ne5
9.Bb5 c6 10.f4 cxb5 11.fxe5 dxe5 12.Be3 a5 13.O-O a4 14.Qxb5 Bd6 15.Rad1 Qxb5
16.Nxb5 Bb8 17.Bc5 Bg4 18.Nf3 Nxe4 19.Ba3 Bd7 20.Nc3 Nxc3 21.bxc3 f6 22.Rd2 Bc7
23.Nh4 Rd8 24.Nf5 Bxf5 25.Rxd8+ Bxd8 26.Rxf5 Kd7 27.Rf1 Bb6+ 28.Kh1 Kc6 29.h4 Rd8
30.h5 h6 31.g4 Bc5 32.Bc1 Rd3 33.Kg2 Rxc3 34.Bxh6 gxh6 35.Rxf6+ Kd5 36.Rxh6 e4
37.Rh8 Rc2+ 38.Kh3 e3 39.Re8 e2 40.g5 Be3  0-1

[Event "Petrov mem"]
[Site "St Petersburg"]
[Date "1996.??.??"]
[Round "4"]
[White "Beshukov, Sergei"]
[Black "Ibragimov, Ildar"]
[Result "1/2-1/2"]
[WhiteElo "2450"]
[BlackElo "2575"]

1.e4 e5 2.Nf3 Nc6 3.Bb5 a6 4.Ba4 Nf6 5.O-O Be7 6.Re1 b5 7.Bb3 O-O 8.h3 d6
9.c3 Na5 10.Bc2 c5 11.d4 Qc7 12.Nbd2 Rd8 13.d5 c4 14.Nf1 Nb7 15.N3h2 Nc5
16.g4 h6 17.Ng3 Nh7 18.Be3 Bg5 19.Kg2 Rb8 20.Qd2 Qe7 21.Nf3 Bxe3 22.fxe3 g6
23.Rf1 Bd7 24.b4 cxb3 25.axb3 Rdc8 26.Rfc1 Ng5 27.Nxg5 Qxg5 28.b4 Na4 29.Bxa4 bxa4
30.c4 h5 31.c5 hxg4 32.h4 Qxh4 33.Rh1 Qg5 34.c6 Bxc6 35.dxc6 Rxc6 36.Rxa4 Rbc8
37.Ra2 Rc3 38.Nf1 Qf6 39.Qe2 d5 40.exd5 e4 41.Rxa6 Qf5 42.Rc6 R8xc6 43.dxc6 Rxc6
44.Qd2 Kg7 45.Qb2+ Qf6 46.Qxf6+ Kxf6 47.Nh2 Kg5 48.Rb1 f5 49.b5 Rc2+ 50.Kg1 Kf6
51.b6 Rc8 52.Nf1 Ke6 53.Nd2 g5 54.Nc4 f4 55.b7 Rb8 56.Na5 Kd7 57.Kf2 Kc7
58.Rc1+ Kd7 59.Rd1+ Kc7 60.Rc1+ Kd7 61.Rc2 g3+ 62.Kg2 Rh8 63.Rc1 Rh2+ 64.Kg1 Rb2
65.Rd1+ Kc7 66.Rc1+ Kd7 67.Rd1+ Kc7  1/2-1/2

[Event "Petrov mem"]
[Site "St Petersburg"]
[Date "1996.??.??"]
[Round "5"]
[White "Ibragimov, Ildar"]
[Black "Yagupov, Igor"]
[Result "1-0"]
[WhiteElo "2575"]
[BlackElo "2450"]

1.b3 d5 2.Bb2 Bg4 3.f3 Bf5 4.e3 c5 5.f4 Nc6 6.Bb5 Rc8 7.Nf3 a6 8.Bxc6+ Rxc6
9.O-O Bg4 10.d3 Nf6 11.Nbd2 g6 12.Qe1 Bxf3 13.Nxf3 Bg7 14.e4 d4 15.a4 Nd7
16.Bc1 e5 17.f5 b6 18.Qg3 Qe7 19.Bd2 Bf6 20.Rae1 Kd8 21.h4 Kc8 22.Qh3 h6
23.g4 Kb7 24.Kg2 Rcc8 25.Qg3 g5 26.hxg5 Bxg5 27.Nxg5 hxg5 28.f6 Qe6 29.Rf5 Rh6
30.Bxg5 Rg6 31.Bh4 Nxf6 32.Bxf6 Rxf6 33.Rxe5 Qd7 34.Rf5 Rg6 35.Ref1 f6 36.R1f4 Rh8
37.Rxf6 Rxf6 38.Rxf6 Qh7 39.Rf1 a5 40.Rg1 Qh6 41.Rf1 Qd2+ 42.Qf2 Qg5 43.Qf4 Qh4
44.Kf3 Qh3+ 45.Kf2 Ka6 46.Rg1 Qh4+ 47.Ke2 Qe7 48.g5 c4 49.bxc4 Rf8 50.Qg3 Qb4
51.Qe5 Qxa4 52.Qb5+ Qxb5 53.cxb5+ Kxb5 54.g6 a4 55.g7 Rg8 56.Kd2 a3 57.Kc1 Kb4
58.Kb1 Kc3 59.Rg2 b5 60.Ka2 Kb4 61.e5 Kc3 62.e6 Kb4 63.e7 Kc3 64.Rf2  1-0

[Event "Ubeda op"]
[Site "Ubeda"]
[Date "1996.??.??"]
[Round "?"]
[White "Ibragimov, Ildar"]
[Black "Volzhin, Alexander"]
[Result "1/2-1/2"]
[WhiteElo "2575"]
[BlackElo "2485"]

1.d4 Nf6 2.c4 g6 3.Nc3 d5 4.Nf3 Bg7 5.Bg5 Ne4 6.Bh4 Nxc3 7.bxc3 dxc4 8.Qa4+ Qd7
9.Qxc4 b6 10.e3 Ba6 11.Qb3 Bxf1 12.Rxf1 c5 13.Ke2 O-O 14.dxc5 Na6 15.Rfd1 Qc7
16.cxb6 axb6 17.Bg3 Qxc3 18.Qxc3 Bxc3 19.Rac1  1/2-1/2

[Event "Ubeda op"]
[Site "Ubeda"]
[Date "1996.??.??"]
[Round "?"]
[White "Cifuentes Parada, Roberto"]
[Black "Ibragimov, Ildar"]
[Result "1-0"]
[WhiteElo "2490"]
[BlackElo "2575"]

1.d4 d5 2.c4 dxc4 3.e3 Nf6 4.Bxc4 e6 5.Nf3 c5 6.Qe2 cxd4 7.exd4 Nc6 8.O-O Be7
9.Rd1 O-O 10.Nc3 Na5 11.Bd3 b6 12.Bg5 Bb7 13.Rac1 Rc8 14.Bb1 Nd5 15.Qe4 g6
16.Qh4 f6 17.Bh6 Re8 18.Qg4 f5 19.Qg3 Nc4 20.Nxd5 Bxd5 21.b3 Bd6 22.Bf4 Bxf4
23.Qxf4 Bxf3 24.Qxf3 Nd6 25.Bd3 Qd7 26.h4 Kg7 27.Qe2 Qe7 28.Qe5+ Kf7 29.Ba6 Rxc1
30.Rxc1 Rd8 31.h5 Ne8 32.Bb5 Qf6 33.Bxe8+ Rxe8 34.Rc7+ Re7 35.Rxe7+ Kxe7
36.Qc7+ Kf8 37.Qb8+ Kg7 38.Qxa7+ Kh6 39.hxg6 Qxg6 40.Qxb6 f4 41.Qd6  1-0

[Event "Vienna op"]
[Site "Vienna"]
[Date "1996.??.??"]
[Round "1"]
[White "Ibragimov, Ildar"]
[Black "Hertan, Charles E"]
[Result "1-0"]
[WhiteElo "2545"]
[BlackElo "2410"]

1.d4 Nf6 2.c4 e6 3.Nc3 Bb4 4.e3 c5 5.Bd3 Nc6 6.Nf3 Bxc3+ 7.bxc3 d6 8.O-O e5
9.Nd2 O-O 10.Rb1 Re8 11.d5 Ne7 12.Qc2 g6 13.f3 b6 14.Rf2 Rf8 15.Nf1 Ne8 16.e4 f5
17.exf5 gxf5 18.Bg5 Ng7 19.Ne3 Kh8 20.g4 Qe8 21.Kh1 Qf7 22.Rbf1 Ng6 23.Bh6 f4
24.Ng2 Rg8 25.h4 Nf8 26.Rg1 Bd7 27.Ne1 Rb8 28.Rh2 b5 29.h5 bxc4 30.Be4 Qe8
31.Ng2 a5 32.Nh4 Ba4 33.Qf2 Qd7 34.Ng6+  1-0

[Event "Vienna op"]
[Site "Vienna"]
[Date "1996.??.??"]
[Round "8"]
[White "Ibragimov, Ildar"]
[Black "Komarov, Dimitri"]
[Result "1/2-1/2"]
[WhiteElo "2545"]
[BlackElo "2595"]

1.c4 Nf6 2.Nc3 e5 3.g3 Bb4 4.Bg2 O-O 5.Nf3 Re8 6.O-O e4 7.Nd4 Nc6 8.Nc2 Bxc3
9.dxc3 h6 10.Ne3 d6 11.Qc2 Bd7 12.Bd2 a5 13.b3 Qe7 14.Nd5 Nxd5 15.cxd5 Nb8
16.c4 Bf5 17.a3 Nd7 18.Qb2 Qf6 19.Bc3 Qg6 20.Bd4 Ne5 21.c5 Qh5 22.Rfe1 f6
23.cxd6 cxd6 24.Rac1 Qf7 25.Red1 Qxd5 26.Bc5 Qf7 27.Bxd6 Rad8 28.Bc5 Rd5
29.Rxd5  1/2-1/2

[Event "Vienna op"]
[Site "Vienna"]
[Date "1996.??.??"]
[Round "9"]
[White "Psakhis, Lev"]
[Black "Ibragimov, Ildar"]
[Result "1/2-1/2"]
[WhiteElo "2590"]
[BlackElo "2545"]

1.e4 e5 2.Nf3 Nc6 3.Bb5 a6 4.Ba4 Nf6 5.O-O Be7 6.Re1 b5 7.Bb3 d6 8.c3 O-O
9.d3 Na5 10.Bc2 c5 11.Nbd2 Re8 12.Nf1 h6 13.Ng3  1/2-1/2

[Event "RUS-ch m1-2"]
[Site "Elista"]
[Date "1997.05.23"]
[Round "2.2"]
[White "Ibragimov, Ildar"]
[Black "Tiviakov, Sergei"]
[Result "1/2-1/2"]
[WhiteElo "2555"]
[BlackElo "2600"]

1.Nf3 Nf6 2.c4 b6 3.g3 Bb7 4.Bg2 e6 5.O-O Be7 6.Nc3 O-O 7.Re1 Ne4 8.Nxe4 Bxe4
9.d3 Bb7 10.e4 c5 11.d4 cxd4 12.Nxd4 Nc6 13.Bf4 Bc5 14.Nxc6 Bxc6 15.Bd6 Bxd6
16.Qxd6 Qb8 17.Rad1 Qxd6 18.Rxd6 Rfd8 19.Red1 Kf8 20.e5 Bxg2 21.Kxg2 Ke7
22.f4 Rac8 23.R6d4 f6 24.exf6+ Kxf6 25.b3 Ke7 26.a4 Rc5 27.h4 h5 28.Kf3 Rc7
29.Ke4 Rf8 30.Kd3 Rf5 31.Re1 Rcc5 32.Kc3 a5 33.Rde4 Kd6 34.Kd4 Ke7 35.R4e3 Kf7
36.R1e2 Ke7 37.Rb2 Rc6 38.Rbe2 Rcc5 39.Kc3 Kd6 40.Rd2+ Ke7 41.Rd4 d6 42.Rde4 Rf6
43.Re1 Rg6 44.R4e3 Kd7 45.Rd1 Kc7 46.Rd4 Kd7 47.Red3 Rc6 48.Kd2 Rf6 49.Ke3 Ke7
50.Rd1 Rg6 51.Kf3 Kd7 52.Re4 Rf6 53.Re5 Rf5 54.Rxf5  1/2-1/2

[Event "RUS-Cup9"]
[Site "Novgorod"]
[Date "1997.06.13"]
[Round "3"]
[White "Ibragimov, Ildar"]
[Black "Batsanin, Dmitry"]
[Result "0-1"]
[WhiteElo "2555"]
[BlackElo "2300"]

1.d4 c5 2.d5 g6 3.c4 Bg7 4.Nc3 d6 5.e4 e6 6.Nf3 exd5 7.cxd5 a6 8.h3 b5 9.Bd3 Nf6
10.O-O O-O 11.a3 Re8 12.Re1 Nbd7 13.Bf4 Qb6 14.Qd2 c4 15.Bc2 Bb7 16.Rad1 Rad8
17.Bh6 Bh8 18.Be3 Qc7 19.Bd4 Bg7 20.Nh2 Re7 21.Re2 Rde8 22.Rde1 Qb8 23.f4 a5
24.Na2 Qc7 25.Nf3 Nc5 26.Nc3 Ba6 27.e5 Nfd7 28.e6 fxe6 29.dxe6 Rxe6 30.Bxg7 Kxg7
31.f5 Rxe2 32.Rxe2 Rxe2 33.Qxe2 Nf6 34.fxg6 b4 35.Nd4 bxc3 36.gxh7 Bc8 37.Qe3 Qf7
38.Qg5+ Kh8 39.Bg6 Qg7 40.bxc3  0-1

[Event "RUS-Cup9"]
[Site "Novgorod"]
[Date "1997.06.15"]
[Round "4"]
[White "Pavlov, Aleksandr"]
[Black "Ibragimov, Ildar"]
[Result "0-1"]
[WhiteElo "2225"]
[BlackElo "2555"]

1.d4 d6 2.c4 e5 3.Nf3 e4 4.Ng5 f5 5.g3 Be7 6.Nh3 Nf6 7.Bg2 c6 8.d5 Nbd7 9.Nc3 Ne5
10.b3 b5 11.cxb5 cxb5 12.a3 Bd7 13.O-O Rc8 14.Bb2 Qb6 15.Nf4 O-O 16.Qd2 Nfg4
17.Nd1 Bg5 18.Bd4 Qb7 19.Nc3 a5 20.Rfd1 Nf6 21.Qb2 Bxf4 22.gxf4 Ng6 23.e3 Nh4
24.Ne2 Be8 25.Ng3 Bg6 26.Qd2 h5 27.Bh1 Nf3+ 28.Bxf3 exf3 29.Bxf6 Rxf6 30.h4 Qe7
31.Rdc1 Rff8 32.Qd1 Qxh4 33.Qxf3 Qh3 34.Qd1 h4 35.Nf1 Qg4+ 36.Qxg4 fxg4 37.Nd2 Rxc1+
38.Rxc1 Rf5 39.Ne4 Rxd5 40.Ng5 Rc5 41.Rd1 Rc6 42.e4 Kf8 43.Rd5 Rb6 44.Kg2 Ke7
45.f3 gxf3+ 46.Kxf3 Bh5+ 47.Kg2 Bg4 48.Nf3 Be6 49.Rd3 b4 50.axb4 Rxb4 51.Nd4 Bd7
52.Kf3 g6 53.Ke3 Rb8 54.Rd2 Rc8 55.Ra2 Rc5 56.Nf3 h3 57.Kf2 Bg4 58.Nh2 Be6
59.Ra3 Rc2+ 60.Kg1 Rg2+ 61.Kh1 Re2 62.Nf3 Rxe4 63.Rxa5 Rxf4 64.Ng5 Bf5 65.Rb5 Rf1+
66.Kh2 Rf2+ 67.Kh1 Rg2 68.Rb7+ Kf6 69.Nh7+ Ke5 70.Re7+ Kf4 71.Nf6 Rd2 72.b4 d5
73.b5 Be4+ 74.Nxe4 dxe4 75.Rf7+ Kg3 76.Rf1 e3 77.Rg1+ Rg2 78.Rb1 h2  0-1

[Event "RUS-Cup9"]
[Site "Novgorod"]
[Date "1997.06.16"]
[Round "5"]
[White "Ibragimov, Ildar"]
[Black "Marusenko, Petr"]
[Result "1-0"]
[WhiteElo "2555"]
[BlackElo "2285"]

1.d4 f5 2.g3 Nf6 3.Bg2 g6 4.Nf3 Bg7 5.O-O O-O 6.Nbd2 Nc6 7.c3 Kh8 8.b4 Qe8
9.Qb3 d6 10.d5 Ne5 11.Bb2 Nxf3+ 12.Nxf3 e5 13.c4 h6 14.Nd2 g5 15.e3 a5 16.a3 a4
17.Qc2 e4 18.Rae1 g4 19.Rc1 h5 20.Rfd1 h4 21.c5 Bd7 22.cxd6 cxd6 23.Qc7 hxg3
24.hxg3 Nxd5 25.Bxg7+ Kxg7 26.Qxb7 Nf6 27.Nc4 Rb8 28.Qa7 d5 29.Nb6 Rf7 30.Nxd5 Nh7
31.Nc7 Qd8 32.Qd4+ Kg8 33.Ne6 Qe8 34.Nf4 Rc8 35.Qd6 Rxc1 36.Rxc1 Rf6 37.Qd4 Qf7
38.Rc7 Nf8 39.Bf1 Kh8 40.Bc4  1-0

[Event "RUS-Cup9"]
[Site "Novgorod"]
[Date "1997.06.20"]
[Round "8"]
[White "Asrian, Karen"]
[Black "Ibragimov, Ildar"]
[Result "0-1"]
[WhiteElo "2440"]
[BlackElo "2555"]

1.e4 e5 2.Nf3 Nc6 3.Bb5 a6 4.Ba4 Nf6 5.O-O Be7 6.Re1 b5 7.Bb3 d6 8.c3 O-O
9.d3 Na5 10.Bc2 c5 11.Nbd2 Re8 12.Nf1 h6 13.a4 Bd7 14.Ng3 Bf8 15.h3 g6 16.Nh2 b4
17.f4 exf4 18.Bxf4 Be6 19.cxb4 cxb4 20.d4 Qb6 21.Be3 b3 22.Bd3 Bc4 23.d5 Qd8
24.Rc1 Rc8 25.Bxc4 Nxc4 26.Bd4 Bg7 27.Qd3 Qa5 28.Rf1 Qd2 29.Rfd1 Qb4 30.Rf1 Qd2
31.Rfd1 Qxd3 32.Rxd3 Nxe4 33.Nxe4 Rxe4 34.Bxg7 Kxg7 35.Rxb3 Rc5 36.Ng4 Rxd5
37.Rb7 h5 38.Nf2 Red4 39.b3 Ne5 40.b4 a5 41.b5 Rxa4 42.b6 Rb4 43.Ra1 Rdb5
44.Kh2 Rxb6 45.Rxb6 Rxb6 46.Rxa5 f5 47.Nd1 Rb3 48.Ra7+ Kf6 49.Rc7 d5 50.Nc3 d4
51.Nd5+ Ke6 52.Nf4+ Kd6 53.Ra7 d3 54.Ra5 g5 55.Rd5+ Kc6 56.Rxe5 gxf4 57.Re8 d2  0-1

[Event "RUS-Cup01 Chigorin mem"]
[Site "St Petersburg"]
[Date "1997.11.02"]
[Round "2"]
[White "Terekhin, Anatoly"]
[Black "Ibragimov, Ildar"]
[Result "0-1"]
[WhiteElo "2325"]
[BlackElo "2585"]

1.g3 d5 2.Bg2 c6 3.Nf3 Bg4 4.O-O Nd7 5.d3 Ngf6 6.Nbd2 e5 7.e4 dxe4 8.dxe4 Bc5
9.Qe2 O-O 10.h3 Bh5 11.a4 a5 12.c3 Qc7 13.g4 Bg6 14.Nh4 Rfe8 15.Nc4 Nf8 16.Nf5 Ne6
17.Be3 Nf4 18.Qc2 Nd7 19.Rad1 Bxf5 20.exf5 Nxg2 21.Kxg2 Rad8 22.Bxc5 Nxc5
23.b4 axb4 24.cxb4 Na6 25.Qc3 f6 26.Na5 Qb6 27.b5 cxb5 28.Qb3+ Kf8 29.Qxb5 Qxb5
30.axb5 Nc5 31.Rxd8 Rxd8 32.b6 Ra8 33.Nc4 Ra2 34.Rd1 Ke7 35.Nd6 Rb2 36.Nc8+ Ke8
37.Nd6+ Kf8 38.Nc8 e4 39.Rd8+ Kf7 40.Kg3 Rb3+ 41.Kg2 Rd3 42.Rxd3 exd3 43.Kf3 Ke8
44.Ke3 Kd7 45.Na7 Kd6 46.f4 Kd5 47.Nc8 Kc4 48.Nd6+ Kc3 49.Nb5+ Kc2 50.Nd4+ Kc1
51.Nf3 Kd1 52.g5 h6 53.h4 h5 54.g6 Kc2 55.Nd4+ Kc1 56.Nf3 Kd1 57.Nd2 Kc2
58.Nf3 Kc3 59.Nd2 Na4 60.Nb1+ Kb2 61.Nd2 Kc2 62.Nc4 Nxb6 63.Na3+ Kb3 64.Nb5 Kb4
65.Nc7 Kc4 66.Kd2 Kd4 67.Ne6+ Ke4 68.Nxg7 Nc4+ 69.Kc3 d2 70.Kc2 Ke3 71.Ne6 Nb2
72.g7 d1=Q+ 73.Kxb2 Qe2+ 74.Kc3 Qd3+ 75.Kb4 Qd6+ 76.Ka5 Qa6+ 77.Kb4 Qb6+
78.Ka3 Qa5+  0-1